00386nam a2200145Ia 4500003000500000008004100005020001800046040001900064082000700083100005800090245002900148260004200177300000900219546001200228STCL181203s9999 xx 000 0 und d a9780071325226 aSTCLbENcSTCL 222 aSilberschatz, Abraham; Korth, Henry F.; Sudarshan, S. 0aDatabase System Concepts bMcGraw Hill EducationaNew Yorkc2011 a1348 aEnglish